[Event "Tilburg"]
[Site "Tilburg"]
[Date "1994.??.??"]
[Round "6"]
[White "Bareev, Evgeny"]
[Black "Karpov, Anatoly"]
[Result "1-0"]
[WhiteElo "2675"]
[BlackElo "2780"]
[Annotator "Ftacnik,L"]
[PlyCount "107"]
[EventDate "1994.09.??"]
[EventType "k.o."]
[EventRounds "7"]
[EventCountry "NED"]
[SourceTitle "CBM 044"]
[Source "ChessBase"]
[SourceDate "1995.02.01"]
[SourceVersion "1"]
[SourceVersionDate "1995.02.01"]
[SourceQuality "1"]

1. d4 {Dautov} Nf6 2. c4 e6 3. Nf3 b6 4. e3 Bb7 5. Nc3 Bb4 6. Bd3 c5 7. O-O O-O
8. Bd2 (8. Na4 cxd4 9. exd4) 8... d5 9. cxd5 cxd4 10. exd4 Bxc3 $6 (10... Nxd5
11. Nxd5 (11. Rc1 {Dautov} Nc6 12. Re1 Rc8 13. Re4 Nce7 14. Nxd5 Nxd5 15. Rh4
g6 16. Rxc8 Qxc8 17. Ng5 Be7 18. Qg4 Ba6 19. Qh3 $40 {Yusupov-Ivanchuk/
Bruxelles m/8 /1991}) (11. Qe2) 11... Bxd2 12. Nxb6 axb6 13. Qxd2 Bxf3 14. gxf3
Ra5 $44) 11. bxc3 Qxd5 12. Re1 (12. Qe2 $5) 12... Nbd7 (12... Ba6 $5) 13. Qe2 (
13. h3 $6 {Dautov} e5 $1 14. c4 Qd6 15. Nxe5 Nxe5 16. dxe5 Qxd3 17. exf6 Qg6
18. Qg4 Qxf6 $10 {Donner-Portish/Amsterdam/1967}) 13... Rfd8 (13... Qh5 {Dautov
} 14. a4 a6 15. Reb1 Rfd8 16. Be3 Be4 17. Bf4 Qf5 18. Bxe4 Nxe4 19. Bd2 {
0,5/Reshevsky-Smyslov/SWZ ct/1953}) 14. a4 Bc6 (14... a6 $5 {Dautov}) 15. Qf1 (
15. a5 $6 {Dautov} b5) 15... Qd6 16. Ne5 Nxe5 17. Rxe5 Ng4 $6 (17... h6 $1 18.
Qc1 (18. Qe2 {Dautov} Nd7 19. Re3 e5 20. Rg3 exd4 21. cxd4 Nf8 22. Qh5 Kh8 $14)
(18. f4 Ng4 19. Ree1 f5 20. Qe2 Re8 $132 {/\Nf6-e4}) 18... Ng4 19. Rh5 e5 20.
h3 e4 (20... exd4 $2 21. Bf4 Qd7 22. Bf5 $18) 21. hxg4 exd3 $10) 18. Rh5 Nf6 (
18... h6 19. Rh4 f5 20. f3 Nf6 21. Qe2 $14) 19. Rh4 e5 20. Be3 h6 (20... e4 {
Dautov} 21. Be2 Nd5 22. c4 Nxe3 23. fxe3 $14) (20... g6 {Dautov} 21. Qc1 Nd7
22. Bf1 $5 $14 {/\de5,Bd4,/^a1-h8}) 21. Qc1 $1 Kf8 (21... Nd5 22. Bxh6 $1 gxh6
23. Rxh6 Qe7 (23... f6 24. Rg6+ Kf7 25. Qh6 Ne7 26. Rg7+ Ke8 27. Bf5 $1 Nxf5
28. Qh8+ Qf8 29. Qh5+ $18) 24. Rh8+ Kxh8 25. Qh6+ Kg8 26. Bh7+ Kh8 27. Bg6+ Kg8
28. Qh7+ Kf8 29. Qh8#) (21... e4 22. Be2 $14 (22. Bxh6 exd3 23. Bxg7 Nh7 $1))
22. dxe5 $1 (22. Bxh6 gxh6 23. Qxh6+ Ke7 24. Re1 Nd7 $13) 22... Qxe5 (22...
Qxd3 23. exf6 $40) 23. Bd4 Qd5 (23... Qg5 24. Qxg5 hxg5 25. Rh8+ Ke7 26. Rxd8 (
26. Re1+ Kd6 27. Rxd8+ Rxd8 28. Re5 Re8 $1 $10) (26. Rh3 $5 $14 {/\a5}) 26...
Rxd8 27. a5 $16 (27. a5 {Dautov} Rd6 28. axb6 axb6 29. Rb1 Nd7 30. Bf5 g6 31.
Bxd7 Bxd7 32. Bxb6 $14)) 24. Bf1 Rd6 (24... Ne4 $4 {Dautov} 25. Bxg7+ $1 $18)
25. a5 (25. Rxh6 $2 gxh6 26. Qxh6+ Ke7 27. Re1+ Ne4) (25. c4 Qxd4 (25... Qe6
26. c5) (25... Qg5 26. Qxg5 hxg5 27. Rh8+ Ke7 (27... Ng8 $2 28. Bb2 $1 $16))
26. Rxd4 Rxd4 27. a5 $16) 25... Ne4 $6 (25... b5 26. Qa3 (26. c4 bxc4 27. Qa3
Ke8 28. Qg3 $40) 26... Ke8 27. Re1+ $40) 26. Rg4 $2 (26. Qa3 $1 Nc5 (26... Nd2
27. Rd1 Nc4 28. Bxg7+ Kxg7 29. Rxd5 Nxa3 30. Rxd6 $18) (26... Ng5 27. c4 $1 Qe6
28. Re1 Qg6 29. Kh1 $16) (26... Rad8 27. axb6 axb6 (27... Nd2 28. Rg4 $16) 28.
Rxe4 Qxe4 29. Bxb6 $16 (29. Bxb6 {Dautov} Kg8 30. Bxd8 Rxd8 31. c4 $16)) 27.
Rd1 Kg8 28. Bxc5 Qxd1 29. Bxd6 Bb5 30. c4 $18) (26. axb6 $5 {Dautov} axb6 (
26... Ng5 27. c4 Nf3+ 28. Kh1 Qf5 29. Rf4 Qh5 30. gxf3 $18) 27. Rxa8+ (27. Bxb6
$2 Rxa1 28. Qxa1 Nd2 29. Rd4 $2 Nf3+ 30. gxf3 Qxf3 $19) 27... Bxa8 28. Qa3 Nc5
(28... Ng5 29. c4 $18) (28... Nd2 29. Rh5 $1 Qxh5 (29... Qc6 30. Be5 $18) 30.
Qxd6+ Kg8 31. Qb8+ Kh7 32. Qxa8 Nxf1 33. Qe4+ f5 34. Qe5 $18) 29. Bxg7+ $1 Kxg7
30. Rd4 Qc6 31. Rxd6 Qxd6 32. Qxa8 $16) 26... g5 $1 27. axb6 axb6 (27... f5 28.
Rxe4 fxe4 29. Rxa7 $16) 28. Rxa8+ Bxa8 29. Qa3 Qa5 $1 (29... f5 30. Rxe4 fxe4
31. Bc4 $1 Qxc4 (31... Qc6 32. Be5) 32. Qxd6+ Kf7 33. Qd7+ $18) (29... Nc5 30.
h4 $40) 30. Qxa5 bxa5 31. f3 f5 32. fxe4 Rxd4 (32... fxg4 33. Bc5 Ke7 34. e5
$18) 33. cxd4 fxg4 34. Bd3 $6 (34. d5 $1 Ke7 35. Bb5 (35. Kf2 {Dautov} Kd6 36.
Ke3 Kc5 $10) 35... Kd6 36. Kf2 Bb7 37. Ke3 Ke5 38. g3 h5 39. Be8 Bc8 40. Bxh5 (
40. Bg6 a4 41. Kd3 h4 42. Kc4 a3 43. Kb3 Bb7 44. Kxa3 Bxd5 45. exd5 Kxd5 46.
Bf5 Kd4 47. Bxg4 hxg3 48. hxg3 Ke3 49. Bd1 g4 50. Bxg4 Kf2 $10) 40... a4 41.
Kd3 a3 42. Kc3 Kxe4 43. d6 Ke5 $10) 34... a4 (34... Ke7 $2 {Dautov} 35. Kf2 a4
36. Ke3 $18) 35. d5 Ke7 36. Kf2 Kd6 37. Ke3 a3 38. Bb1 g3 $6 (38... Ke5 39. g3
h5 40. Kd3 h4 41. Kc4 a2 42. Bxa2 Kxe4 43. d6 Bc6 $10) (38... Kc5 {Dautov} 39.
Ba2 Bb7 40. g3 $1 $18 {/\Kd3-c3}) 39. hxg3 (39. h3 $5 {Dautov} Kc5 40. Ba2 (40.
Kf3 Kc4 41. Ba2+ Kd4 $1) 40... Bb7 $10) 39... Ke5 40. Kd3 Bb7 41. Kc4 Bc8 (
41... h5 $1 42. Kc5 (42. Kb3 Ba6 (42... h4 {Dautov} 43. gxh4 gxh4 44. Kxa3 Bxd5
(44... Ba6 $10) 45. exd5 h3 46. gxh3 Kxd5 47. h4 Ke6 $10) 43. Kxa3 Bf1 44. Kb4
Bxg2 45. Kc5 h4 46. d6 Bh3 47. gxh4 gxh4 48. Bd3 Be6 $10) 42... h4 43. d6 Bc8
44. Kc6 h3 45. gxh3 Bxh3 46. d7 Bxd7+ 47. Kxd7 g4 48. Ke7 a2 49. Bxa2 Kxe4 $10)
42. Kb4 Bg4 $2 (42... Kd6 $1 43. Kxa3 Ba6 44. Kb4 Bf1 45. Kc3 Ke5 46. Bd3 Bxg2
47. Kc4 h5 48. Kc5 h4 49. d6 Bh3 50. gxh4 gxh4 51. Bf1 Bd7 52. Bg2 h3 53. Bh1
Be8 54. Bf3 Kf4 $10) (42... h5 {Dautov} 43. Kxa3 Ba6 44. Kb4 Bf1 45. Kc5 Bxg2
46. d6 (46. g4 Bf3 $1) 46... Bh3 47. Kc6 (47. Bd3 Bd7 48. Be2 h4 49. gxh4 gxh4
50. Bf3 h3 $10) 47... h4 48. gxh4 gxh4 49. Bd3 Be6 50. Bc4 h3 (50... Bg4 $2 51.
Be2 $1 Be6 52. Bf3 $18) 51. Bxe6 h2 52. d7 h1=Q 53. d8=Q Qxe4+ $10) 43. Kxa3
Be2 44. Kb4 Bf1 (44... Kd6 45. Kc3 Ke5 46. Bd3 $18) 45. Kc5 Bxg2 46. Bd3 $1 (
46. d6 Bh3 $10) 46... Bf3 (46... h5 47. g4 (47. Be2 $1 Bxe4 48. d6 Ke6 (48...
Bf5 49. Bxh5 Bd7 50. g4 $1 Ba4 51. Bg6 Bd7 52. Bf5 Bxf5 53. gxf5 g4 54. d7 g3
55. d8=Q $18) 49. Bxh5 Bf5 50. Kc6 g4 51. Bg6 Bxg6 52. d7 $18) (47. d6 {Dautov}
Bh3 48. Kc6 h4 49. gxh4 gxh4 50. Bf1 Be6 51. Bg2 $18) 47... Bf3 48. gxh5 Bxh5
49. d6 Be8 $10) 47. d6 Bg4 48. Kc6 Bc8 49. Kc7 Be6 50. Bc4 Bg4 51. Be2 Be6 52.
Bf3 g4 53. Bg2 h5 54. d7 1-0

[Event "Gausdal Jubilee"]
[Site "Gausdal"]
[Date "1982.??.??"]
[Round "1"]
[White "Ogaard, Leif"]
[Black "Karlsson, Lars"]
[Result "1-0"]
[WhiteElo "2485"]
[BlackElo "2500"]
[Annotator "Gagarin,V"]
[PlyCount "80"]
[EventDate "1982.04.??"]
[EventType "swiss"]
[EventRounds "9"]
[EventCountry "NOR"]
[SourceTitle "MCL"]
[Source "ChessBase"]
[SourceDate "1999.07.01"]
[SourceVersion "1"]
[SourceVersionDate "1999.07.01"]
[SourceQuality "1"]

1. d4 Nf6 2. c4 e6 3. Nc3 Bb4 4. e3 c5 5. Bd3 O-O 6. Nf3 b6 7. O-O Bb7 8. Na4
cxd4 9. exd4 Be7 (9... Re8 $5 10. a3 Bf8 $13) 10. Re1 d5 $2 (10... Qc7 11. Bg5
h6 12. Bh4 d6 13. Nc3 Re8 14. Rc1 Nbd7 15. d5 $14 {Panno,O-Sanguinetti,P/Mar
del Plata/1957/}) (10... Re8 11. Bg5 (11. a3 d6 12. b4 Nbd7 13. Bb2 Rc8 14. Nc3
g6 15. Bf1 $14 {Polugaevsky,L-Seirawan,Y/Toluca izt/1982/1:0/49/}) 11... d6 12.
Nc3 Nbd7 13. b4 g6 14. a3 Rc8 15. Rc1 $14 {Taimanov,M-Gheorghiu,F/Skopje ol/
1970/1:0/35/}) (10... d6 11. b4 (11. Bf4 $5 Nbd7 12. Rc1 (12. Nc3 $14) 12...
Rc8 13. Nc3 $14) 11... Nbd7 12. Bb2 Re8 (12... a5 13. b5 $14) 13. Nc3 Bf8 (
13... g6 14. d5 $1 exd5 15. cxd5 a6 16. a4 Bf8 17. Rxe8 Qxe8 18. Qb3 $16 {
Reshevsky,S-Najdorf,M/Santa Monica/1966/1:0/54/}) (13... Rc8 14. Nd2 Qc7 15. a4
e5 16. d5 a5 $14 {Taimanov,M-Lisitsyn,G/URS/1955/}) 14. d5 e5 (14... exd5 15.
Rxe8 Qxe8 16. Nxd5 $1 Nxd5 17. cxd5 $14 {Taimanov}) 15. Nd2 g6 16. Nb3 Nh5 17.
g3 Ng7 18. c5 $1 $14 {Portisch,L-Spassky,B/Santa Monica/1966/1/2-1/2/32/}) 11.
c5 Ne4 (11... bxc5 12. Nxc5 Qb6 13. b4 $1 Nc6 14. a3 a5 15. Nxb7 Qxb7 16. b5
Nb8 17. a4 $16 {Adler,J-Zuber,M/Bern/1994/1:0/31/}) 12. b4 Nd7 13. Bf4 $1 $16 (
13. Bb2 a6 14. Qe2 Bf6 15. Rec1 Bc6 $14 {Panno,O-Mangini/Rio de Janeiro/1957/})
13... Rc8 (13... a6 $5 14. cxb6 Nxb6 (14... Bxb4 15. Bc7 Bxe1 (15... Qe7 16.
Re2 $16) 16. Bxd8 Bxf2+ 17. Kf1 Rfxd8 18. Bxe4 dxe4 19. Kxf2 exf3 20. gxf3 Bc6
21. Rb1 Rab8 $16) 15. Nc5 Nxc5 16. dxc5 Nc4 17. Qe2 $16) 14. Rc1 f6 $2 (14...
a6 $1 15. cxb6 Nxb6 (15... Bxb4 16. Bc7 Qe7 (16... Bxe1 17. Bxd8 Bxf2+ 18. Kf1
Rfxd8 19. Rxc8 Rxc8 20. Bxe4 dxe4 21. Kxf2 exf3 22. Nc5 $18) 17. Re2 $16) (
15... Rxc1 16. Qxc1 Bxb4 (16... Nxb6 $4 17. Bc7 $18) 17. Bc7 Qe7 18. Re2 $16)
16. Nc5 $16) 15. Bb5 $1 e5 (15... Bc6 16. Ba6 Bxa4 (16... Ra8 17. b5 $18) 17.
Qxa4 $18) (15... a6 16. Bxd7 $18) (15... Nb8 16. Bxb8 Rxb8 17. c6 $18) (15...
bxc5 16. dxc5 $1 (16. bxc5 Bc6 $1 $14) 16... e5 (16... Bc6 17. Ba6 $18) 17. c6
$18) 16. c6 $1 exf4 17. Qb3 $1 {<-> d5} Nb8 18. cxb7 Rxc1 19. Rxc1 Qd6 20. Nc5
$3 bxc5 (20... Kh8 21. Na6 Nxa6 (21... Rd8 22. Rc8 $18) 22. Bxa6 $18 {P c8})
21. bxc5 Qe6 (21... Qd8 22. c6 $18) 22. c6 Bd6 23. c7 Bxc7 24. Rxc7 g5 $6 25.
h3 h5 26. Bd3 $1 $18 g4 (26... Kh8 27. Bxe4 Qxe4 28. Rc8 Kg8 29. Qb4 $18) 27.
hxg4 hxg4 28. Ne5 $1 Ng5 (28... fxe5 29. Bxe4 $18) (28... Nxf2 29. Bh7+ $18)
29. Ng6 g3 (29... Qe1+ 30. Bf1 $18) (29... Re8 30. Nxf4 $18) 30. Qxd5 $1 Qxd5
31. Ne7+ Kf7 32. Nxd5+ Ke6 33. Nxf4+ Kd6 34. Rc8 Rf7 35. Rxb8 Kc7 36. Rd8 gxf2+
37. Kxf2 Kxb7 38. Rd6 Kc7 39. Ra6 Kb7 40. Ra5 Rd7 1-0

[Event "BLR-ch 71st"]
[Site "Minsk"]
[Date "2005.03.08"]
[Round "5"]
[White "Lutsko, Igor"]
[Black "Dydyshko, Viacheslav"]
[Result "0-1"]
[WhiteElo "2527"]
[BlackElo "2567"]
[Annotator "Gavrikov,V"]
[PlyCount "112"]
[EventDate "2005.03.04"]
[EventType "tourn"]
[EventRounds "13"]
[EventCountry "BLR"]
[EventCategory "9"]
[SourceTitle "CBM 106"]
[Source "ChessBase"]
[SourceDate "2005.06.06"]
[SourceVersion "1"]
[SourceVersionDate "2005.06.06"]
[SourceQuality "1"]

1. d4 Nf6 2. c4 e6 3. Nc3 Bb4 4. e3 b6 5. Bd3 Bb7 6. Nf3 O-O 7. O-O c5 8. Na4
cxd4 9. exd4 Re8 $5 {Preparing Bf8.} 10. Bg5 ({Black similarly has a good game
after} 10. a3 Bf8 11. b4 d6 12. Bb2 Nbd7 13. Re1 Rc8 14. Nc3 a6 15. Bf1 Qc7 16.
Nd2 Qb8 17. Rb1 Qa8 18. f3 Rc7 {1/2-1/2 Izoria,Z-Tiviakov,S/Bled 2002/EXT 2003
(28)}) 10... h6 {In such positions it is very often preferable to clarify the
position of the white bishop immediately.} 11. Bh4 Be7 ({This seems to be a
more logical reply than the continuation} 11... Bxf3 12. Qxf3 Nc6 13. Bxf6 Qxf6
14. Qxf6 gxf6 15. d5 Ne5 16. Be2 Rac8 17. a3 Bf8 18. Rac1 Ng6 19. dxe6 dxe6 20.
Rfd1 Red8 21. Rxd8 Rxd8 22. Kf1 $14 {1-0 Georgiev,V-Mikhalchishin,A/Bled 2002/
EXT 2003 (61) when White´s pawns majority on the queenside gave him better
chances.}) 12. Nc3 d6 13. Re1 Nbd7 14. Rc1 (14. Qe2 Nh5 15. Bxe7 Rxe7 16. Qe3
Nhf6 17. b4 Re8 18. Rad1 a6 19. Nd2 d5 {1/2-1/2 Gligoric,S-Portisch,L/Niksic
1978/MCL (19) does not give White anything.}) 14... Rc8 15. h3 a6 ({Another
possible reaction was} 15... d5 $5 16. cxd5 Nxd5 17. Bg3 N7f6) 16. Bg3 Bf8 17.
a3 Rc7 18. b4 Qa8 19. c5 $6 ({Now Black seizes the strategical initiative, the
correct line was} 19. Re3 Rcc8 {with equality.}) 19... Rcc8 20. cxd6 Qb8 21.
Qe2 b5 22. Ne4 Bxe4 23. Bxe4 Bxd6 24. Bxd6 Qxd6 25. Bb1 {Relocating the bishop
to a2 from where he controls the c4-square.} Rc7 26. Ba2 Rec8 27. Qd2 Rc6 28.
Kf1 Qc7 29. Rxc6 Qxc6 30. Ne5 Qd6 (30... Qc2 31. Qxc2 Rxc2 32. Re2) 31. Nf3 Rc6
32. Rc1 Qc7 33. Rxc6 Qxc6 34. Bb3 Nb6 35. Ne5 Qe4 36. Bc2 Qd5 37. Qc3 Nc4 38.
a4 ({Worse is} 38. Nxc4 bxc4) 38... g6 39. axb5 axb5 40. f3 $2 ({It was
essential to cover the h1-square by} 40. Kg1 Nxe5 $140 41. dxe5 Nd7 42. f4 g5
43. g3) 40... Nxe5 41. dxe5 Nd7 42. f4 Nb6 ({Black could punish White for his
mistake by} 42... g5 $1 43. g3 gxf4 44. gxf4 Qh1+ 45. Ke2 Qh2+ 46. Kd1 Qxf4 47.
Qc8+ Nf8 48. Qc5 Qf3+ 49. Kd2 Qxh3 50. Qxb5 Qg2+ 51. Kc3 h5 $17) 43. Kf2 Qa2
44. Qb3 Qa1 45. Bxg6 $5 Qd4+ 46. Kf3 Nd5 $1 ({Not} 46... fxg6 $2 47. Qxe6+ Kf8
48. Qf6+ Ke8 49. Qxg6+ Kd7 50. Qh7+) 47. Be4 Nc3 48. Bc2 $2 {A fatal blunder.}
({After} 48. Bb1 $1 {White would be able to save himself:} Qd2 (48... Nd5 49.
g3 Nxb4 50. Be4) 49. Qc2 Qe1 50. Qh7+ Kf8 51. Qxh6+ Ke8 52. Qh8+ Kd7 53. Qf6
Ke8 54. Qh8+ Kd7 55. Qf6 {with repetition of moves.}) 48... Qd2 49. g4 Nd5 ({
An easier win is} 49... Qe2+ 50. Kg3 Qe3+ 51. Kg2 Nd5 $1 52. Bd1 Nxf4+ 53. Kf1
Nd3 54. Qc2 Nxb4 (54... Qxh3+ 55. Qg2 Qh4) 55. Qg2 Nd5 56. Qf3 Qxe5) 50. Qd3
Qxf4+ 51. Ke2 Qxe5+ 52. Kd1 Kf8 53. Qd2 Kg7 54. Qd3 Qf4 55. Qh7+ Kf8 56. Bd3
Ke7 0-1

[Event "American Continental 3rd"]
[Site "Buenos Aires"]
[Date "2005.08.07"]
[Round "2"]
[White "Monier, Raul"]
[Black "Granda Zuniga, Julio E"]
[Result "0-1"]
[WhiteElo "2412"]
[BlackElo "2601"]
[Annotator "Gavrikov,V"]
[PlyCount "105"]
[EventDate "2005.08.06"]
[EventType "swiss"]
[EventRounds "11"]
[EventCountry "ARG"]
[SourceTitle "CBM 109"]
[Source "ChessBase"]
[SourceDate "2005.11.14"]
[SourceVersion "1"]
[SourceVersionDate "2005.11.14"]
[SourceQuality "1"]

1. d4 Nf6 2. c4 e6 3. Nc3 Bb4 4. e3 b6 5. Bd3 Bb7 6. Nf3 O-O 7. O-O Bxc3 ({
An interesting alternative to the usual moves} 7... c5) ({and} 7... d5) 8. bxc3
d6 {Depending on White´s reaction Black is planning Nbd7 and e6-e5 or Ne4
followed by f7-f5.} 9. Nd2 ({The other moves to prepare e3-e4 are:} 9. Qe2 {
allows Black to exchange the bishops by} Be4 ({worse is} 9... Ne4 10. Ne1 $1 {
/\ f3}) 10. Bxe4 Nxe4 11. Qd3 f5 12. Ne1 Nc6 13. f3 Nf6 14. Nc2 {1/2-1/2 Norri,
J-Carlsen,M/Helsinki 2002/CBM 089 ext (94)} Qe8 {with comfortable play}) ({
after} 9. Qc2 Nbd7 10. e4 e5 11. Bg5 h6 12. Bh4 {Black neutralizes the pin by}
Re8 13. Rae1 Nf8 14. Bg3 Ng6 15. Nh4 Nh5 16. Nxg6 fxg6 {1/2-1/2 Mueske,
M-Ambroz,J/Bad Ragaz 1992/TD (44) and had no any problems in}) (9. Re1 Ne4 10.
Nd2 f5 11. f3 Nxd2 12. Bxd2 Nd7 13. Qc2 Nf6 (13... Qh4 $5) 14. a4 c5 15. a5 g6
16. Reb1 e5 {with blockade 1/2-1/2 Gulko,B-Beliavsky,A/Leningrad 1974/URS-ch 
(56)}) 9... e5 10. e4 Nc6 {Black prepares the manoeuvre Ne7-g6 intending to
reduce White´s active possibilities on the kingside.} 11. Bb2 $6 ({The bishop
has nothing to do here,but even after the logical} 11. Nb3 Ne7 12. f3 (12. Bg5
Ng6 (12... Nxe4 13. Bxe4 Bxe4 14. dxe5) 13. Qf3 Re8 14. Rae1 h6 15. Bxf6 Qxf6
16. Qxf6 gxf6 $11 {1/2-1/2 Chiburdanidze,M-Jenni,F/Lippstadt 2003/CBM 097 (39)}
) 12... Ng6 13. g3 Re8 14. Be3 c6 $5 15. d5 (15. a4 d5 $132) 15... Rc8 16. Qd2
Qc7 17. Rfc1 Ne7 (17... Ba6 $5 18. a4 cxd5 19. cxd5 Bc4 $13) 18. a4 Nd7 19. a5
Rb8 (19... f5 $5) 20. Bf1 c5 21. axb6 axb6 22. Bh3 Bc8 23. Ra3 Nf8 24. Bg2 f5 {
Black has a solid position , 1/2-1/2 Shariyazdanov,A-Pavlovic,M/Oberwart 2003/
CBM 095 ext (57)}) 11... Re8 {[%cal Ge5d4,Gc3d4,Gc6b4]} 12. Re1 Ne7 13. f3 Ng6
14. g3 (14. Nf1 $142) 14... c6 $1 {[%cal Gd6d5]} 15. Nf1 Qc7 16. d5 $6 ({
In case of} 16. Ne3 {White has to reckon with} d5 {, but the text weakens the
c5-square.}) 16... Nd7 $1 17. Ne3 Nc5 18. Bf1 Ne7 19. Ba3 cxd5 20. cxd5 Bc8 {
Black´s idea is to realize f7-f5.} 21. Qd2 f5 22. exf5 Nxf5 23. Nxf5 Bxf5 24.
c4 Rf8 25. Re3 Rf7 26. Bg2 Raf8 27. Rf1 Nb7 ({More precise looks} 27... Bd7 {
preventing f3-f4.}) 28. Qb4 $6 ({Missing the chance to create counterplay by} 
28. f4 Na5 29. Rc3 {and in the event of} Nxc4 30. Rxc4 $1 Qxc4 31. Bxd6 Rd8 32.
fxe5 {Black has nothing better than} Rxd6 33. exd6 Qc5+ 34. Kh1 Qxd6 {with
equality.}) 28... Qc8 $1 {[%cal Gf5h3]} 29. Rc1 $6 (29. f4 $2 Bh3) (29. Qa4
$142 Nc5 30. Qc6 {/\ Bxc5}) 29... Bh3 {After the exchange of light-squared
bishops the c4-pawn becomes more vulnerable.} 30. Qd2 Bxg2 31. Kxg2 Rc7 32.
Rec3 Qd7 33. Qe3 Qa4 34. h4 $6 {[%csl Rg3]} h6 ({If} 34... Rfc8 {,then} 35. Qd3
Qa5 $140 36. Qf5) 35. Qd3 Rf6 36. R1c2 Nc5 37. Qe2 Qd7 $1 {[%mdl 32] Black
queen switches to the kingside for harassing opponent´s king.} 38. Bc1 (38.
Bxc5 $143 Rxc5 39. Qe4 Rf8 {followed by Rfc8.}) 38... Qf7 39. Ra3 $2 {A waste
of time.} ({White should have tried} 39. f4 {.}) 39... Qg6 {[%cal Gg6g2,Gg6c2]}
40. Be3 Nd7 $1 {The knight is aiming for f6.} 41. Rc1 $6 {White continues
underestimate the danger.} (41. Qd3) 41... Rf8 42. Rac3 $2 {A blunder which
makes White´s defensive task very difficult.} ({Also here correct was} 42. Qd3)
42... Nf6 {[%cal Gf6h5]} 43. Kh2 (43. Qc2 {is well met by} e4 44. Bd4 ({or} 44.
f4 Nh5 45. Qf2 Qg4 46. Kh2 g5 47. Rg1 Rg7 48. Qe1 gxf4 49. gxf4 Qf5 $17) 44...
Nh5 45. fxe4 Rf4 $1) 43... Rfc8 {[%cal Rf6d5]} 44. Bd2 (44. Qd2 Qh5 45. Kg2 e4
46. Bd4 exf3+ 47. Rxf3 Nxd5 $17) 44... e4 45. f4 $2 ({Perhaps White could have
offered more resistance by} 45. Kg2 exf3+ (45... Re7 $5) 46. Qxf3 Ne4 47. h5
Nxd2 (47... Qh7 48. R3c2 Nxd2 49. Rxd2 Rxc4 50. Re1 Rc2 51. Rxc2 Qxc2+ 52. Re2
Qb1 53. Rf2 Rc1 54. Kh2 $17) 48. hxg6 Nxf3 49. Kxf3 Rf8+ 50. Ke2 Rf6 51. Re3
Rxg6 52. Rcc3 {.}) 45... e3 $1 46. Be1 (46. Bxe3 Ne4 $19) 46... Re8 47. Qf3
Rce7 48. a4 e2 49. f5 Qf7 50. Kg1 h5 51. a5 Ng4 52. axb6 axb6 53. Qf4 (53. Qf4
Re4 54. Qf3 (54. Qxd6 Qxf5) 54... R4e5 $19) 0-1